LIBRARY ONLINE CATALOGUE

The easy piano hymn collection (Record no. 16338)

MARC details
000 -LEADER
fixed length control field 00452nam a22001457a 4500
008 - FIXED-LENGTH DATA ELEMENTS--GENERAL INFORMATION
fixed length control field 170313b xxu||||| |||| 00| 0 eng d
020 ## - INTERNATIONAL STANDARD BOOK NUMBER
International Standard Book Number 0634029196
040 ## - CATALOGING SOURCE
Original cataloging agency KABU
Transcribing agency KABU
050 ## - LIBRARY OF CONGRESS CALL NUMBER
Classification number M32.8
Item number .E27 1993 C.1
245 ## - TITLE STATEMENT
Title The easy piano hymn collection
Remainder of title 50 treasured favorites including amazing grace
260 ## - PUBLICATION, DISTRIBUTION, ETC. (IMPRINT)
Name of publisher, distributor, etc. Hal.leanard
Date of publication, distribution, etc. 1993
300 ## - PHYSICAL DESCRIPTION
Extent 104 p.
650 ## - SUBJECT ADDED ENTRY--TOPICAL TERM
Topical term or geographic name as entry element Piano music
942 ## - ADDED ENTRY ELEMENTS (KOHA)
Source of classification or shelving scheme Library of Congress Classification
Koha item type General Collection
Classification part M32.8 .E27 1993 C.1
Holdings
Withdrawn status Lost status Source of classification or shelving scheme Not for loan Home library Current library Shelving location Date acquired Cost, normal purchase price Total Checkouts Total Renewals Full call number Barcode Date last seen Date last checked out Copy number Price effective from Koha item type
    Library of Congress Classification   Kabarak, Main Campus Kabarak, Main Campus General Stacks 13/03/2017 1429.70 10 1 M32.8 .E27 1993 C.1 026464 24/05/2022 26/08/2021 C.1 13/03/2017 General Collection